| 000 | 00464nam a22001217a 4500 | ||
|---|---|---|---|
| 008 | 230405b |||||||| |||| 00| 0 eng d | ||
| 040 |
_aNational Science Library _cNational Science Library |
||
| 080 |
_a061.6:54(540) _bJ2 |
||
| 245 |
_aNational chemical laboratory of India: _bPoona _c/ Council of Scientific and Industrial Research |
||
| 260 |
_aDelhi: _bCouncil of Scientific and Industrial Research, _c1952 |
||
| 653 | _aChemical Laboratory | ||
| 942 |
_2udc _cREP |
||
| 999 |
_c18502 _d18502 |
||